000 00795nam a22002537a 4500
005 20250506145110.0
008 250506b |||||||| |||| 00| 0 eng d
020 _a978-0-367-34639-3 (pbk)
037 _cTB
040 _aAL
_cAL
041 _2eng
_aeng
084 _aX:513(S) R1
_qAL
100 _aFennis, Bob M.
245 _aPsychology of advertising
250 _a3rd ed.
260 _aLondon, UK:
_bRoutledge,
_c2021.
300 _avii, 466p.
365 _b 47.99
_cUKP
650 _aEconomics
650 _aPsychology
700 _aStroebe, Wolfgang
_eAuthor
942 _2CC
_cTB
_e3rd ed.
_hX:513(S) R1
_n0
999 _c1311831
_d1311831